000 00747nam a22002177a 4500
005 20180120113644.0
010 _a1718EN-30
020 _a9789352533091
_c525.00
035 _aB-686181-192
037 _bABC
_adpl
082 _a525.00
100 _aPillai, R.S.
245 _aStatistics :
_cby R.S. Pillai [and] Bagavathi
_btheory and practice /
250 _a8th ed
260 _aNew Delhi
_bS.Chand
_c2016
270 _a7361, Ram Nagar,
_bNew Delhi
_e110055
300 v _axii,875p.
_c23cm(pbk)
700 _aBagavathi
942 _2ddc
_cEN
_mPIL
_h519.5
999 _c145492
_d145492